000 00879nam a2200217 a 4500
001 BRCA_4018
005 20190320204520.0
008 220110s2009----mx-d######---#000-0#spa-#
041 _aspa
044 _amx
050 4 _aNK4031
_b.Z56 2009
100 1 _aZimbrón Ortiz, David
_910446
245 1 0 _aEl laboratorio de materiales cerámicos
_bmanual teórico-práctico para el conocimiento y manejo de los minerales cerámicos
_cDavid Zimbrón Ortiz.
260 _aMéxico
_bPeradulce Diseño
_c2009
300 _a643 p.
_bil. a color
_c28 cm.
500 _aIncluye lista de los materiales más comunes y sus características, tabla periódica de los elementos, temperaturas de fusión de algunos materiales y glosario
504 _aBibliografía: p. 641-643
650 1 4 _aCerámica mexicana
_vManuales
_910447
650 1 4 _aAlfarería
_vManuales
_zMéxico
_910448
942 _2lcc
_cB
999 _c3743
_d3743